An introduction to multiagent systems / (Record no. 527335)

000 -LEADER
fixed length control field 01188cam a2200325 a 4500
001 - CONTROL NUMBER
control field 15605513
003 - CONTROL NUMBER IDENTIFIER
control field NUST
005 - DATE AND TIME OF LATEST TRANSACTION
control field 20190725072524.0
008 - FIXED-LENGTH DATA ELEMENTS--GENERAL INFORMATION
fixed length control field 090130s2009 enka b 001 0 eng
010 ## - LIBRARY OF CONGRESS CONTROL NUMBER
LC control number 2009004188
020 ## - INTERNATIONAL STANDARD BOOK NUMBER
International Standard Book Number 9780470519462 (pbk.)
020 ## - INTERNATIONAL STANDARD BOOK NUMBER
International Standard Book Number 0470519460 (pbk.)
035 ## - SYSTEM CONTROL NUMBER
System control number (OCoLC)ocn246887666
038 ## - RECORD CONTENT LICENSOR
Staff Name WASEEM
040 ## - CATALOGING SOURCE
Original cataloging agency DLC
Transcribing agency DLC
Modifying agency BTCTA
-- YDXCP
-- BWKUK
-- BWX
-- BWK
-- CDX
-- NLGGC
-- VP@
-- DLC
050 00 - LIBRARY OF CONGRESS CALL NUMBER
Classification number QA76.76.I58
Item number W65 2009
082 00 - DEWEY DECIMAL CLASSIFICATION NUMBER
Classification number 006.3
Author Mark WOO
084 ## - OTHER CLASSIFICATION NUMBER
Classification number 54.32
Number source bcl
084 ## - OTHER CLASSIFICATION NUMBER
Classification number 54.51
Number source bcl
100 1# - MAIN ENTRY--PERSONAL NAME
Personal name Wooldridge, Michael J.,
Dates associated with a name 1966-
9 (RLIN) 18522
245 13 - TITLE STATEMENT
Title An introduction to multiagent systems /
Statement of responsibility, etc. Michael Wooldridge.
250 ## - EDITION STATEMENT
Edition statement 2nd ed.
260 ## - PUBLICATION, DISTRIBUTION, ETC.
Place of publication, distribution, etc. Chichester, U.K. :
Name of publisher, distributor, etc. John Wiley & Sons,
Date of publication, distribution, etc. 2009.
300 ## - PHYSICAL DESCRIPTION
Extent xxii, 461 p. :
Other physical details ill. ;
Dimensions 24 cm.
504 ## - BIBLIOGRAPHY, ETC. NOTE
Bibliography, etc. note Includes bibliographical references (p. [425]-451) and index.
650 #0 - SUBJECT ADDED ENTRY--TOPICAL TERM
Topical term or geographic name entry element Intelligent agents (Computer software)
9 (RLIN) 18523
906 ## - LOCAL DATA ELEMENT F, LDF (RLIN)
a 7
b cbc
c orignew
d 1
e ecip
f 20
g y-gencatlg
942 ## - ADDED ENTRY ELEMENTS (KOHA)
Source of classification or shelving scheme
Koha item type Book
Holdings
Withdrawn status Lost status Source of classification or shelving scheme Damaged status Not for loan Permanent Location Current Location Shelving location Date acquired Total Checkouts Total Renewals Full call number Barcode Date last seen Date last checked out Copy number Price effective from Koha item type
          Central Library (CL) Central Library (CL) First Floor - Artificial Intelligence/Data Mining 07/25/2019 2 2 006.3 WOO CL-207 08/20/2025 09/24/2023 1 07/25/2019 Book
          Central Library (CL) Central Library (CL) First Floor - Artificial Intelligence/Data Mining 07/25/2019     006.3 WOO CL-208 10/22/2025   2 07/25/2019 Book
© 2023 Central Library, National University of Sciences and Technology. All Rights Reserved.